[Event "European Blitz 2022"]
[Site "Katowice POL"]
[Date "2022.12.16"]
[Round "12.32"]
[White "Kozak, Antoni"]
[Black "Sowinski, Pawel"]
[Result "1-0"]
[WhiteElo "2422"]
[BlackElo "2064"]
[WhiteFideId "21832030"]
[BlackFideId "21881979"]
[EventDate "2022.12.16"]

1. d4 Nf6 2. c4 e6 3. Nf3 d5 4. Nc3 c6 5. e3 Be7 6. Be2 O-O 7. O-O Nbd7 8. b3 b6
9. Bb2 Bb7 10. Bd3 Rc8 11. Qe2 c5 12. cxd5 exd5 13. Rfd1 Qc7 14. Rac1 Rfe8 15.
Bf5 Bc6 16. Ne5 Rcd8 17. f4 Qb7 18. g4 g6 19. Bd3 Nxe5 20. fxe5 Ne4 21. Nxe4
dxe4 22. Ba6 Qc7 23. Rf1 Bg5 24. dxc5 Rd3 25. Bxd3 exd3 26. Qxd3 Rxe5 27. cxb6
Qxb6 28. Bd4 Bxe3+ 29. Qxe3 Rxe3 30. Bxb6 1-0

[Event "European Blitz 2022"]
[Site "Katowice POL"]
[Date "2022.12.16"]
[Round "12.33"]
[White "Dvirnyy, Danyyil"]
[Black "Piesik, Piotr"]
[Result "1-0"]
[WhiteTitle "GM"]
[BlackTitle "IM"]
[WhiteElo "2530"]
[BlackElo "2420"]
[WhiteFideId "817570"]
[BlackFideId "1136194"]
[EventDate "2022.12.16"]

1. e4 g6 2. d4 Bg7 3. Nc3 c6 4. h3 d6 5. Be3 Nd7 6. f4 e5 7. Nf3 Qe7 8. Bd3 Ngf6
9. O-O O-O 10. a4 Re8 11. a5 exd4 12. Bxd4 Nh5 13. Bxg7 Kxg7 14. Qd2 Nc5 15. g4
Nf6 16. Rae1 Nxd3 17. cxd3 Bd7 18. f5 Ng8 19. d4 f6 20. e5 dxe5 21. dxe5 Rad8
22. Qf2 fxe5 23. Nxe5 Qd6 24. fxg6 Rf8 25. Qf7+ Rxf7 26. Rxf7+ Kh6 27. Rxh7+ Kg5
28. Ne4+ Kf4 29. Nxd6 1-0

[Event "European Blitz 2022"]
[Site "Katowice POL"]
[Date "2022.12.16"]
[Round "12.34"]
[White "Langheinrich, Ferenc"]
[Black "Tazbir, Marcin"]
[Result "1-0"]
[WhiteTitle "IM"]
[BlackTitle "GM"]
[WhiteElo "2381"]
[BlackElo "2508"]
[WhiteFideId "4641973"]
[BlackFideId "1122452"]
[EventDate "2022.12.16"]

1. e4 c5 2. Nf3 d6 3. d4 Nf6 4. Nc3 cxd4 5. Nxd4 a6 6. h3 e5 7. Nde2 h5 8. Bg5
Nbd7 9. g3 Be7 10. Qd2 b5 11. a3 Bb7 12. Bg2 Nb6 13. b3 Rc8 14. Bxf6 Bxf6 15.
O-O Bg5 16. f4 Bf6 17. Rad1 Be7 18. Kh2 Qc7 19. Qe3 Qc5 20. Qf3 Bf6 21. Rd3 h4
22. Kh1 hxg3 23. fxe5 Qxe5 24. Rfd1 Be7 25. Nd4 g6 26. Nd5 Nxd5 27. exd5 Qh5 28.
Qxg3 Bxd5 29. Nf3 Be4 30. Re3 d5 31. c4 bxc4 32. bxc4 Bc5 33. Rxd5 Bxe3 34. Rxh5
Rxh5 35. Qe1 Kf8 36. Qxe3 Re8 37. Kg1 Re7 38. Qc3 Kg8 39. Kf2 Rf5 40. Kg3 Rc7
41. Qd4 Bxf3 42. Qd8+ 1-0

[Event "European Blitz 2022"]
[Site "Katowice POL"]
[Date "2022.12.16"]
[Round "12.35"]
[White "Bartel, Michal"]
[Black "Azarov, Sergei"]
[Result "1-0"]
[WhiteTitle "FM"]
[BlackTitle "GM"]
[WhiteElo "2250"]
[BlackElo "2562"]
[WhiteFideId "1119257"]
[BlackFideId "13501470"]
[EventDate "2022.12.16"]

1. e4 e5 2. Nc3 Nf6 3. d4 exd4 4. Qxd4 Nc6 5. Qd3 Bb4 6. Bg5 h6 7. Bh4 Ne5 8.
Qd4 Qe7 9. O-O-O Bc5 10. Qd2 g5 11. Bg3 d6 12. h4 Rg8 13. hxg5 hxg5 14. Nge2 Be6
15. Nd4 O-O-O 16. Nxe6 fxe6 17. Be2 Kb8 18. Kb1 Bb4 19. f3 g4 20. f4 Nxe4 21.
Qe3 Nxc3+ 22. bxc3 Bc5 23. Qe4 Nc6 24. Rh7 Qf6 25. Rd3 d5 26. Qa4 Rc8 27. Qb5
Bd6 28. c4 Nd4 29. c5 a6 30. Qb2 Bxc5 31. Bf2 Qg6 32. Rh1 Nxe2 33. Bxc5 Qe8 34.
Rb3 Qc6 35. Re1 Nxf4 36. Bd4 Nxg2 37. Rg1 Nf4 38. Rc3 Qd6 39. Rb3 Ne2 40. Rxb7+ 1-0

[Event "European Blitz 2022"]
[Site "Katowice POL"]
[Date "2022.12.16"]
[Round "12.36"]
[White "Haug, Havard"]
[Black "Kosakowski, Jakub"]
[Result "0-1"]
[BlackTitle "IM"]
[WhiteElo "2044"]
[BlackElo "2475"]
[WhiteFideId "1547887"]
[BlackFideId "1185080"]
[EventDate "2022.12.16"]

1. e4 c6 2. c4 d5 3. cxd5 cxd5 4. exd5 Nf6 5. Nc3 Nxd5 6. Nf3 Nc6 7. d4 a6 8.
Bd3 g6 9. O-O Bg7 10. Qe2 O-O 11. Nxd5 Qxd5 12. Bc4 Nxd4 13. Bxd5 Nxe2+ 14. Kh1
Rd8 15. Bc4 Nxc1 16. Raxc1 Bxb2 17. Rcd1 Bf5 18. h3 Bf6 19. Bd5 Rd7 20. g4 Rxd5
21. gxf5 Rxf5 22. Kg2 Rc8 23. Rd7 Rc3 24. Nd2 Rg5+ 25. Kh2 Rc7 26. Rxc7 Be5+ 27.
Kh1 Bxc7 28. Rc1 Bd6 29. Rc8+ Kg7 30. Nb3 Rd5 31. Kg2 h5 32. Rc2 a5 33. Nd2 b5
34. Nf3 b4 35. Kf1 a4 36. Ke2 Rb5 37. Nd4 Rb6 38. Kd3 Be5 39. Nf3 b3 40. axb3
axb3 41. Rc1 b2 42. Rb1 Bf6 43. Nd2 Rd6+ 44. Ke2 Rxd2+ 45. Kxd2 Bg5+ 46. Kd3 Bc1
47. Ke4 Kf6 48. Kf3 Kf5 49. Kg3 g5 50. Kf3 e6 51. Kg3 Ke4 52. Kg2 Kd3 53. h4 g4
54. f3 f5 55. fxg4 fxg4 0-1

[Event "European Blitz 2022"]
[Site "Katowice POL"]
[Date "2022.12.16"]
[Round "12.37"]
[White "Berend, Elvira"]
[Black "Kosteniuk, Alexandra"]
[Result "1/2-1/2"]
[WhiteTitle "WGM"]
[BlackTitle "GM"]
[WhiteElo "2318"]
[BlackElo "2520"]
[WhiteFideId "4000510"]
[BlackFideId "4128125"]
[EventDate "2022.12.16"]

1. d4 f5 2. g3 Nf6 3. Bg2 g6 4. c3 Bg7 5. Nh3 Nc6 6. Qb3 e6 7. Nf4 d5 8. h4 Qe7
9. h5 g5 10. h6 Bf8 11. Nd3 Ne4 12. Nd2 Rg8 13. Nf3 Rg6 14. Rh5 a5 15. a4 Rxh6
16. Bxg5 Nxg5 17. Rxg5 Qf6 18. Nde5 Nxe5 19. dxe5 Qf7 20. g4 Be7 21. Rh5 Rxh5
22. gxh5 Qxh5 23. O-O-O Ra6 24. Rh1 Qg6 25. Bf1 Rb6 26. Qc2 c5 27. Qd2 Bd7 28.
Qh6 Bxa4 29. Qxh7 Qg4 30. Qh5+ Kd7 31. Qxg4 fxg4 32. Nh2 d4 33. Nxg4 Bg5+ 34. e3
dxc3 35. bxc3 Rb3 36. f4 Rxc3+ 37. Kb2 Rb3+ 38. Ka2 Be7 39. Rh7 Rb4 40. Nf6+ Kd8
41. Rh8+ Kc7 42. Rh7 Bb3+ 43. Ka3 Kd8 44. Rh8+ Kc7 45. Rh7 Kd8 46. Rh8+ Kc7 47.
Rh7 1/2-1/2

[Event "European Blitz 2022"]
[Site "Katowice POL"]
[Date "2022.12.16"]
[Round "12.38"]
[White "Karas, Marek"]
[Black "Sebenik, Matej"]
[Result "1/2-1/2"]
[WhiteTitle "FM"]
[BlackTitle "GM"]
[WhiteElo "2240"]
[BlackElo "2538"]
[WhiteFideId "14928558"]
[BlackFideId "14602296"]
[EventDate "2022.12.16"]

1. d4 d5 2. c4 e6 3. Nf3 c5 4. cxd5 exd5 5. Nc3 Nf6 6. Bg5 Be6 7. Bxf6 Qxf6 8.
e4 dxe4 9. Nxe4 Qf4 10. Bb5+ Nc6 11. Qe2 Be7 12. O-O O-O 13. Bxc6 bxc6 14. Nxc5
Bxc5 15. dxc5 Bd5 16. Qe3 Qb4 17. Qc3 Qxc3 18. bxc3 Bxf3 19. gxf3 1/2-1/2

[Event "European Blitz 2022"]
[Site "Katowice POL"]
[Date "2022.12.16"]
[Round "12.39"]
[White "Wisniewski, Michal"]
[Black "Licznerski, Lukasz"]
[Result "0-1"]
[WhiteTitle "FM"]
[BlackTitle "IM"]
[WhiteElo "2168"]
[BlackElo "2441"]
[WhiteFideId "1159682"]
[BlackFideId "1179250"]
[EventDate "2022.12.16"]

1. Nf3 Nf6 2. c4 g6 3. b4 Bg7 4. Bb2 c6 5. e3 O-O 6. Be2 d5 7. d4 a5 8. b5 a4 9.
O-O cxb5 10. cxb5 Nbd7 11. Ba3 Ne4 12. Nfd2 Nxd2 13. Qxd2 Re8 14. Nc3 Nb6 15.
Bc5 e5 16. dxe5 Bxe5 17. Bxb6 Bxc3 18. Qxc3 Qxb6 19. Rfd1 Be6 20. Qd4 Qxd4 21.
Rxd4 a3 22. h3 Rec8 23. Rad1 Rc2 24. R1d2 Rac8 25. Bf3 R8c5 26. b6 Rb2 27. Bd1
Rxb6 28. Bb3 Ra5 29. g4 Rxb3 0-1

[Event "European Blitz 2022"]
[Site "Katowice POL"]
[Date "2022.12.16"]
[Round "12.40"]
[White "Dehtiarov, Roman"]
[Black "Petrovskyi, Vadym"]
[Result "0-1"]
[WhiteTitle "FM"]
[BlackTitle "FM"]
[WhiteElo "2300"]
[BlackElo "2402"]
[WhiteFideId "14186640"]
[BlackFideId "14165210"]
[EventDate "2022.12.16"]

1. e4 c5 2. Nc3 d6 3. f4 Nc6 4. Nf3 g6 5. Bb5 Bd7 6. O-O Bg7 7. d3 a6 8. Bxc6
Bxc6 9. Qe1 Nf6 10. Bd2 O-O 11. Qh4 c4 12. e5 Nd5 13. d4 e6 14. Qh3 Nxc3 15.
Bxc3 a5 16. a4 Qd7 17. exd6 Qxd6 18. Ne5 Bd5 19. Qe3 h5 20. Qe2 Kh7 21. Rfe1 f6
22. Nxc4 Qxf4 23. Nb6 Rad8 24. Nxd5 exd5 25. Qe3 Qc7 26. Re2 Rd7 27. Rae1 b6 28.
Qe6 f5 29. Qe3 Rdf7 30. Qd3 Qc6 31. Bd2 Qxa4 32. c3 Qd7 33. Bf4 a4 34. Be5 Re8
35. Bxg7 Rxe2 36. Qxe2 Rxg7 37. Qe5 b5 38. Re2 Rf7 39. Re1 Qc6 40. Re2 Qd7 41.
h3 Rg7 42. Re1 Rf7 43. Re2 f4 44. Rf2 Qf5 45. Qb8 Qe4 46. Qxb5 Qe1+ 47. Qf1 Qe3
48. Kh1 Qe4 49. Qe2 Qf5 50. Rf1 Qf6 51. Rf2 Qd6 52. Rf1 Re7 53. Qf2 Re4 54. Ra1
Qd7 55. Rf1 g5 56. Qf3 Kg6 57. Qf2 Qb5 58. Re1 Qd3 59. Kh2 Kf5 60. Kh1 g4 61.
Qh4 Rxe1+ 62. Qxe1 Qe4 63. Qh4 Qb1+ 0-1

[Event "European Blitz 2022"]
[Site "Katowice POL"]
[Date "2022.12.16"]
[Round "12.41"]
[White "Czernek, Tymon"]
[Black "Thorfinnsson, Bjorn"]
[Result "0-1"]
[WhiteTitle "FM"]
[BlackTitle "IM"]
[WhiteElo "2302"]
[BlackElo "2374"]
[WhiteFideId "1199510"]
[BlackFideId "2300982"]
[EventDate "2022.12.16"]

1. e4 e5 2. Nf3 Nc6 3. Bc4 Nf6 4. d3 Bc5 5. O-O d6 6. c3 a6 7. Bb3 h6 8. Nbd2 g5
9. Nc4 g4 10. Ne1 Nh5 11. Nc2 Qh4 12. d4 Ba7 13. N4e3 Nf4 14. Nf5 Bxf5 15. Bxf4
exf4 16. exf5 O-O 17. Qd2 Qg5 18. Qd3 Ne7 19. f3 g3 20. h3 Nxf5 21. Rae1 Rfe8
22. Re4 Re7 23. Rfe1 Rae8 24. Kh1 c6 25. d5 Ne3 26. Nxe3 Rxe4 27. fxe4 Bxe3 28.
dxc6 bxc6 29. Qxd6 f3 30. Rg1 Bxg1 31. Kxg1 Qe3+ 0-1

[Event "European Blitz 2022"]
[Site "Katowice POL"]
[Date "2022.12.16"]
[Round "12.42"]
[White "Jarmula, Lukasz"]
[Black "Jaskolka, Tomasz"]
[Result "1-0"]
[WhiteTitle "GM"]
[BlackTitle "CM"]
[WhiteElo "2469"]
[BlackElo "2188"]
[WhiteFideId "1160664"]
[BlackFideId "1170791"]
[EventDate "2022.12.16"]

1. e4 c5 2. Nf3 e6 3. d4 cxd4 4. Nxd4 Nc6 5. Nc3 Qc7 6. Be2 a6 7. Nxc6 Qxc6 8.
O-O Be7 9. e5 Qc7 10. Bf4 b5 11. a4 b4 12. Ne4 Bb7 13. Bf3 Bxe4 14. Bxe4 Rc8 15.
Rc1 g5 16. Bg3 h5 17. h3 h4 18. Bh2 Nh6 19. c3 Rg8 20. cxb4 Qxc1 21. Qxc1 Rxc1
22. Rxc1 Bxb4 23. Rc8+ Ke7 24. Rxg8 Nxg8 25. f4 f6 26. fxg5 fxg5 27. Kf2 Nh6 28.
Kf3 a5 29. Bg1 d6 30. exd6+ Kxd6 31. Be3 Nf7 32. Kg4 Ke5 33. Bg6 Nd6 34. Bxg5
Nc4 35. b3 Nd2 36. Bc2 Nf1 37. Kxh4 Kd4 38. Bf6+ e5 39. Kg5 Bd2+ 40. Kg6 Ne3 41.
Bf5 Nxg2 42. h4 Nf4+ 43. Kf7 Kd5 44. Bg5 e4 45. h5 Ke5 46. Bg4 e3 47. h6 e2 48.
Bxe2 Nxe2 49. Bxd2 Nd4 50. Bc3 1-0

[Event "European Blitz 2022"]
[Site "Katowice POL"]
[Date "2022.12.16"]
[Round "12.43"]
[White "Kjartansson, Gudmundur"]
[Black "Pavlidou, Ekaterini"]
[Result "1-0"]
[WhiteTitle "GM"]
[BlackTitle "WIM"]
[WhiteElo "2453"]
[BlackElo "2178"]
[WhiteFideId "2301318"]
[BlackFideId "4213262"]
[EventDate "2022.12.16"]

1. c4 e5 2. g3 Nc6 3. Bg2 g6 4. Nc3 Bg7 5. e4 d6 6. Nge2 Nge7 7. d3 h5 8. h3 Be6
9. Be3 Nd4 10. Nd5 c6 11. Nxe7 Qxe7 12. Nxd4 exd4 13. Bd2 h4 14. g4 f5 15. gxf5
gxf5 16. Qe2 fxe4 17. Qxe4 Bf5 18. Qxe7+ Kxe7 19. Bg5+ Kd7 20. Kd2 Be5 21. f4
Rhg8 22. Be4 Raf8 23. Raf1 Bxh3 24. Rxh3 Rxg5 25. fxg5 Rxf1 26. Rxh4 Rf2+ 27.
Kc1 Bf4+ 28. Kb1 Bxg5 29. Rh7+ Be7 30. a3 a5 31. Rh5 b6 32. Rh7 Rf1+ 33. Ka2 Rf2
34. Kb3 Kd8 35. Bxc6 Bg5 36. Rd7+ Kc8 37. Rxd6 Kc7 38. Re6 Bc1 39. Ka4 Rxb2 40.
Be4 Bd2 41. Rc6+ Kb7 42. Rd6+ Ka7 43. Rxd4 Ka6 44. Rd6 Be3 45. Rd7 Bc5 46. Bc6
Ra2 47. Bb5# 1-0

[Event "European Blitz 2022"]
[Site "Katowice POL"]
[Date "2022.12.16"]
[Round "12.44"]
[White "Adamczewski, Jedrzej"]
[Black "Diermair, Andreas"]
[Result "1-0"]
[BlackTitle "GM"]
[WhiteElo "1938"]
[BlackElo "2446"]
[WhiteFideId "1135414"]
[BlackFideId "1612468"]
[EventDate "2022.12.16"]

1. e4 c6 2. Nc3 d5 3. Nf3 Bg4 4. h3 Bxf3 5. Qxf3 e6 6. d3 Nd7 7. a3 Ngf6 8. g4
g6 9. g5 Nh5 10. Be2 Bd6 11. d4 Qb6 12. e5 Be7 13. Qd3 Ng7 14. h4 Nf5 15. h5
Qxd4 16. hxg6 fxg6 17. f4 Qxd3 18. cxd3 Nc5 19. Bd2 Nb3 20. Rb1 Nxd2 21. Kxd2
O-O 22. Rh3 Rf7 23. Rbh1 b5 24. Bg4 Rg7 25. Bxf5 gxf5 26. Rh6 Kf7 27. Rxh7 Bc5
28. b4 Bb6 29. g6+ Kxg6 30. R1h6+ Kf7 31. Rxg7+ Kxg7 32. Rxe6 Rc8 33. Rf6 a5 34.
Nd1 axb4 35. axb4 Bd4 36. Ne3 Bxe3+ 37. Kxe3 Ra8 38. Rxc6 Ra4 39. Rc5 Rxb4 40.
Rxd5 Kf7 41. Rd7+ Ke6 42. Rd6+ Ke7 43. Rf6 Rb2 44. Rxf5 b4 45. Rf6 b3 46. Rb6 1-0

[Event "European Blitz 2022"]
[Site "Katowice POL"]
[Date "2022.12.16"]
[Round "12.45"]
[White "Manik, Mikulas"]
[Black "Karvatskyi, Oleksii"]
[Result "1-0"]
[WhiteTitle "GM"]
[WhiteElo "2359"]
[BlackElo "1995"]
[WhiteFideId "14900734"]
[BlackFideId "14191059"]
[EventDate "2022.12.16"]

1. e4 c5 2. Nf3 Nc6 3. Bb5 g6 4. Bxc6 bxc6 5. d4 cxd4 6. Qxd4 f6 7. c4 Bg7 8.
O-O e5 9. Qd3 Ne7 10. c5 O-O 11. Rd1 f5 12. Nc3 fxe4 13. Nxe4 Nd5 14. Nc3 Nxc3
15. Qxc3 Qc7 16. Qc4+ Kh8 17. Ng5 h6 18. Nf7+ Kh7 19. Nd6 a5 20. Be3 Ba6 21. Qh4
Rab8 22. Qe7 Qd8 23. Qxd8 Rbxd8 24. Bd2 e4 25. Nxe4 Bxb2 26. Rab1 Rb8 27. Bxa5
Bg7 28. Rxb8 Rxb8 29. h3 Rb7 30. Bb6 Be2 31. Rd2 Ba6 32. a4 Be5 33. Nd6 Bxd6 34.
Rxd6 Kg7 35. a5 Kf7 36. f3 Bc4 37. Kf2 Be6 38. a6 Rb8 39. a7 Ra8 40. g4 Ke7 41.
f4 h5 42. Kg3 hxg4 43. hxg4 Rf8 44. Bc7 Ra8 45. Bb8 Kd8 46. Kh4 Kc8 47. Kg5 Kb7
48. Rxe6 dxe6 49. Kxg6 Rxb8 50. axb8=Q+ Kxb8 51. Kf6 Kc7 52. Kxe6 1-0

[Event "European Blitz 2022"]
[Site "Katowice POL"]
[Date "2022.12.16"]
[Round "12.46"]
[White "Horvath, Dominik"]
[Black "Zochowski, Kacper"]
[Result "1/2-1/2"]
[WhiteTitle "IM"]
[BlackTitle "FM"]
[WhiteElo "2502"]
[BlackElo "2256"]
[WhiteFideId "1642561"]
[BlackFideId "1125494"]
[EventDate "2022.12.16"]

1. e4 d6 2. d4 Nf6 3. Nc3 e5 4. dxe5 dxe5 5. Qxd8+ Kxd8 6. Bc4 Be6 7. Bxe6 fxe6
8. Nf3 Bd6 9. Be3 Ke7 10. O-O-O Nc6 11. h3 a6 12. Rd2 b5 13. a3 Rhb8 14. Ne1 a5
15. f3 b4 16. Nb1 Nd7 17. a4 Nd4 18. b3 c5 19. Nd3 Rc8 20. Nb2 Nb6 21. Rhd1 c4
22. Nxc4 Nxc4 23. bxc4 Bc5 24. Kb2 Bb6 25. Bxd4 Bxd4+ 26. Kb3 Rc7 27. Rd3 Rac8
28. Nd2 Bc3 29. Nf1 Bd4 30. Nd2 Bc3 31. Nf1 Bd4 32. Nd2 Bc3 33. Nf1 Bd4 1/2-1/2

[Event "European Blitz 2022"]
[Site "Katowice POL"]
[Date "2022.12.16"]
[Round "12.47"]
[White "Kokol, Peter"]
[Black "Klenburg, Michael"]
[Result "1/2-1/2"]
[WhiteTitle "FM"]
[BlackTitle "IM"]
[WhiteElo "2347"]
[BlackElo "2347"]
[WhiteFideId "14604523"]
[BlackFideId "14102072"]
[EventDate "2022.12.16"]

1. e4 d6 2. d4 Nf6 3. Nc3 g6 4. Be3 c6 5. h3 Qa5 6. Bd3 Nbd7 7. Ne2 Bg7 8. O-O
O-O 9. Qd2 Re8 10. f4 e5 11. fxe5 dxe5 12. d5 Nc5 13. dxc6 bxc6 14. b4 Qxb4 15.
Rxf6 Nxd3 16. Rxc6 Nf4 17. Rb1 Qa5 18. Rc5 Nxe2+ 19. Qxe2 Qd8 20. Rd1 Qh4 21.
Nd5 Rf8 22. Qf3 Be6 23. Rc7 Bxd5 24. Rxd5 Rac8 25. Rdd7 Rxc7 26. Rxc7 a5 27. Bc5
Qd8 28. Ra7 Qb8 29. Rd7 Qb5 30. Bxf8 Qxd7 31. Bxg7 Kxg7 32. Qd3 Qc6 33. Kh2 h5
34. c4 a4 35. Qd5 Qf6 36. c5 h4 37. c6 a3 38. Kg1 Qf4 39. Qd7 Qe3+ 40. Kh2 Qf4+
41. Kg1 Qc1+ 42. Kh2 Qf4+ 43. Kg1 1/2-1/2

[Event "European Blitz 2022"]
[Site "Katowice POL"]
[Date "2022.12.16"]
[Round "12.48"]
[White "Karpus, Michal"]
[Black "Kuzmicz, Krystian"]
[Result "0-1"]
[WhiteTitle "FM"]
[BlackTitle "IM"]
[WhiteElo "2212"]
[BlackElo "2466"]
[WhiteFideId "1174088"]
[BlackFideId "1119125"]
[EventDate "2022.12.16"]

1. e4 c5 2. Nf3 Nc6 3. d4 cxd4 4. Nxd4 g6 5. c4 Nf6 6. Nc3 d6 7. Be2 Nxd4 8.
Qxd4 Bg7 9. Bg5 O-O 10. Qd2 a5 11. O-O a4 12. f4 Be6 13. f5 Bd7 14. Kh1 Qa5 15.
Rac1 gxf5 16. exf5 Bxf5 17. Qf4 Bg6 18. Bxf6 Bxf6 19. Nd5 Bxb2 20. Rcd1 Rae8 21.
h4 e6 22. Nf6+ Bxf6 23. Qxf6 Qe5 24. Qf2 d5 25. Rfe1 Qb2 26. cxd5 exd5 27. Qf3
Be4 28. Qg3+ Kh8 29. Bf3 Rg8 30. Qf4 Rxg2 31. Bxe4 dxe4 32. Rb1 Qf2 33. Rxe4
Rxe4 0-1

[Event "European Blitz 2022"]
[Site "Katowice POL"]
[Date "2022.12.16"]
[Round "12.49"]
[White "Uruci, Endrit"]
[Black "Domenech, Vianney"]
[Result "1-0"]
[WhiteTitle "FM"]
[WhiteElo "2297"]
[BlackElo "2249"]
[WhiteFideId "22100199"]
[BlackFideId "656089"]
[EventDate "2022.12.16"]

1. e4 Nc6 2. Nf3 d6 3. d4 Nf6 4. Nc3 g6 5. Be3 Bg7 6. Qd2 O-O 7. Bh6 e5 8. d5
Bxh6 9. Qxh6 Nd4 10. O-O-O Ng4 11. Qd2 Nxf3 12. gxf3 Nf6 13. Qh6 Nh5 14. Rg1 Qh4
15. Nb5 Qxf2 16. Bd3 Nf4 17. Kb1 Bd7 18. Nc3 b5 19. Rdf1 Qd4 20. Ne2 Nxe2 21.
Bxe2 c6 22. dxc6 Bxc6 23. h4 Rac8 24. h5 Rc7 25. Rd1 Qf2 26. Bd3 b4 27. b3 a6
28. Bc4 d5 29. exd5 Bb5 30. d6 Rd7 31. hxg6 hxg6 32. Rxg6# 1-0

[Event "European Blitz 2022"]
[Site "Katowice POL"]
[Date "2022.12.16"]
[Round "12.50"]
[White "De Filomeno, Simone"]
[Black "Kastelik, Adrian"]
[Result "0-1"]
[WhiteTitle "IM"]
[WhiteElo "2450"]
[BlackElo "2091"]
[WhiteFideId "828688"]
[BlackFideId "1134701"]
[EventDate "2022.12.16"]

1. d4 d5 2. c4 c6 3. Nf3 Nf6 4. Nbd2 e6 5. g3 c5 6. cxd5 exd5 7. Bg2 Nc6 8. O-O
Qb6 9. dxc5 Bxc5 10. Nb3 Be7 11. Be3 Qd8 12. Nbd4 O-O 13. Nxc6 bxc6 14. Rc1 Qa5
15. a3 c5 16. Ne5 Bb7 17. Bg5 Rfd8 18. Nd3 c4 19. Nf4 h6 20. Bxf6 Bxf6 21. Rc2
Bc6 22. e3 Ba4 23. Nxd5 Bxc2 24. Nxf6+ gxf6 25. Qxc2 Rac8 26. h4 Rd2 27. Qe4 f5
28. Qf4 Rxb2 29. Qxh6 Rb6 30. Qg5+ Rg6 31. Qf4 c3 32. h5 Rg4 33. Qd6 c2 34. Bd5
Qc7 35. Qf6 c1=Q 36. Rxc1 Qxc1+ 37. Kg2 Qc7 38. Qxf5 Rg7 39. h6 Rh7 40. Qg5+ Kf8
41. Be4 f6 42. Qxf6+ Rf7 43. Qg6 Qe5 44. h7 Ke7 45. g4 Qf6 46. Qxf6+ Kxf6 47. f4
Kg7 48. g5 Re7 49. Bf5 Rc3 50. Kf3 Rcxe3+ 51. Kg4 Rxa3 52. Bc2 Ra2 53. Bb3 Rg2+
54. Kf3 Rg1 55. f5 Kxh7 56. Bc2 Kg8 57. Bb3+ Kf8 58. f6 Re5 59. g6 Rxg6 0-1

[Event "European Blitz 2022"]
[Site "Katowice POL"]
[Date "2022.12.16"]
[Round "12.51"]
[White "Cramling, Pia"]
[Black "Kovalevsky, Stanislav"]
[Result "0-1"]
[WhiteTitle "GM"]
[BlackTitle "FM"]
[WhiteElo "2463"]
[BlackElo "2237"]
[WhiteFideId "1700030"]
[BlackFideId "13508598"]
[EventDate "2022.12.16"]

1. d4 e6 2. c4 Nf6 3. Nf3 d5 4. Nc3 Be7 5. Bg5 c6 6. e3 Ne4 7. Bxe7 Qxe7 8. Rc1
f5 9. Be2 Nd7 10. O-O O-O 11. a3 a5 12. Qc2 g5 13. Nd2 Nxd2 14. Qxd2 f4 15. Bd3
f3 16. gxf3 Rxf3 17. Be2 Rf7 18. f4 Rg7 19. Kh1 Nf6 20. fxg5 Rxg5 21. e4 Nxe4
22. Nxe4 dxe4 23. Rg1 Rxg1+ 24. Rxg1+ Kh8 25. Qf4 e5 26. dxe5 Be6 27. Qxe4 Rf8
28. Qe3 Qh4 29. Qg3 Qe4+ 30. Qg2 Qxe5 31. Bd3 Rg8 32. Qf2 Rd8 33. Rg3 b5 34.
cxb5 cxb5 35. Kg1 Bc4 36. Bc2 Re8 37. h4 Qe1+ 38. Qxe1 Rxe1+ 39. Kh2 Bd5 40. Bd3
Rh1# 0-1

[Event "European Blitz 2022"]
[Site "Katowice POL"]
[Date "2022.12.16"]
[Round "12.52"]
[White "Decosse, Jean-Fabien"]
[Black "Karolczuk, Iwo"]
[Result "0-1"]
[WhiteTitle "CM"]
[BlackTitle "FM"]
[WhiteElo "2149"]
[BlackElo "2327"]
[WhiteFideId "622583"]
[BlackFideId "21816972"]
[EventDate "2022.12.16"]

1. d4 Nf6 2. c4 a6 3. a4 e6 4. Nc3 Bb4 5. e3 Ne4 6. Ne2 c5 7. Qc2 f5 8. Bd2 Nxd2
9. Qxd2 cxd4 10. Nxd4 O-O 11. g3 Nc6 12. Bg2 Ne5 13. b3 g5 14. f4 Ng4 15. h3 Nf6
16. O-O Nh5 17. Kh2 gxf4 18. exf4 Kh8 19. Qe3 Rg8 20. Nce2 Qf6 21. Nc2 Bf8 22.
Qd4 Bg7 23. Qxf6 Bxf6 24. Rad1 Rb8 25. Ncd4 b6 26. Rd3 Ng7 27. Rfd1 Ne8 28. Nf3
d6 29. Nfd4 Bd7 30. Re3 Ng7 31. Bc6 Bc8 32. Nf3 Rd8 33. Red3 Be7 34. h4 Kg8 35.
Ng5 h6 36. Nf3 Nh5 37. Nfd4 Nf6 38. Bf3 Bd7 39. Nc6 Bxc6 40. Bxc6 Kf7 41. Bf3
Nd7 42. Nd4 Nc5 43. Nc6 Nxd3 44. Rxd3 Rbc8 45. Nxd8+ Rxd8 46. Bb7 a5 47. Kg2 Kf6
48. Rd1 Rd7 49. Bc6 Rc7 50. Bf3 Rc8 51. Rd3 e5 52. fxe5+ dxe5 53. Bd5 e4 54. Rd1
Rd8 55. Rf1 Ke5 56. Kh3 Rf8 57. Bc6 Bc5 58. Bd5 e3 59. Kg2 Kd4 60. Kf3 Kc3 61.
Ke2 Kxb3 62. g4 fxg4 63. Rxf8 Bxf8 64. Kxe3 Be7 65. Kf4 Kxa4 66. Kxg4 Kb4 67.
Bf7 a4 0-1

[Event "European Blitz 2022"]
[Site "Katowice POL"]
[Date "2022.12.16"]
[Round "12.53"]
[White "Psyk, Radoslaw"]
[Black "Krzywda, Andrzej"]
[Result "0-1"]
[BlackTitle "CM"]
[WhiteElo "2438"]
[BlackElo "2262"]
[WhiteFideId "1182838"]
[BlackFideId "1114565"]
[EventDate "2022.12.16"]

1. e4 c5 2. Be2 g6 3. d3 Bg7 4. f4 d6 5. Nf3 Nc6 6. O-O Rb8 7. a4 a6 8. Qe1 b5
9. axb5 axb5 10. Kh1 Nb4 11. Na3 h5 12. c3 Nc6 13. Nc2 Nh6 14. d4 cxd4 15. cxd4
d5 16. e5 Bg4 17. Be3 Nf5 18. Bf2 h4 19. h3 Bxf3 20. Bxf3 e6 21. Bg4 Nce7 22.
Nb4 Qb6 23. Ra6 Qb7 24. Qa1 O-O 25. Ra7 Qb6 26. Ra6 Qb7 27. Qe1 Rfc8 28. Bxh4
Nxd4 29. Bf6 Nef5 30. Ra3 Rc4 31. Nd3 b4 32. Ra4 Nc2 33. Qf2 Nce3 34. Rfa1 Rc2
35. Qf3 Nxg2 36. Bxf5 exf5 37. Bxg7 Kxg7 38. e6 Nh4 39. Ra7 Nxf3 0-1

[Event "European Blitz 2022"]
[Site "Katowice POL"]
[Date "2022.12.16"]
[Round "12.54"]
[White "Barski, Radoslaw"]
[Black "Maisuradze, Nino"]
[Result "1-0"]
[WhiteTitle "IM"]
[BlackTitle "WGM"]
[WhiteElo "2441"]
[BlackElo "2230"]
[WhiteFideId "1131710"]
[BlackFideId "13601717"]
[EventDate "2022.12.16"]

1. e4 c5 2. Nf3 Nc6 3. Bb5 g6 4. Bxc6 bxc6 5. d4 cxd4 6. Qxd4 Nf6 7. e5 Nd5 8.
c4 Nc7 9. O-O Bg7 10. Qh4 Ne6 11. Nc3 h6 12. Re1 Rb8 13. b3 a5 14. Bd2 Ba6 15.
Rad1 Qc7 16. Bc1 Bc8 17. Ba3 g5 18. Qg3 Nf4 19. Bd6 Qb7 20. Bxb8 Qxb8 21. Ne2
Ne6 22. Ned4 Nf4 23. Nf5 Kf8 24. Nxg7 Kxg7 25. h4 f6 26. exf6+ exf6 27. hxg5
hxg5 28. Nxg5 Ne2+ 29. Rxe2 Qxg3 30. fxg3 fxg5 31. Re5 Kf6 32. Rxa5 1-0